书目信息 |
| 题名: |
中国革命史教学与自学指导
|
|
| 作者: | 施文魁 , 常乃荣 编著 | |
| 分册: | ||
| 出版信息: | 沈阳 辽宁教育出版社 1987 |
|
| 页数: | 316 | |
| 开本: | 20cm | |
| 丛书名: | ||
| 单 册: | ||
| 中图分类: | K201 | |
| 科图分类: | ||
| 主题词: | 中国--通史 | |
| 电子资源: | ||
| ISBN: | ||
| 000 | 00649nam0 2200217 450 | |
| 001 | 0735257515 | |
| 005 | 20070923165008.35 | |
| 010 | @d1.80 | |
| 100 | @a20070904d km y0chiy0120 ea | |
| 101 | 0 | @achi |
| 102 | @aCN@b210000 | |
| 102 | @aCN@b210000 | |
| 200 | 1 | @a中国革命史教学与自学指导@Azhong guo ge ming shi jiao xue yu zi xue zhi dao@f施文魁,常乃荣编著@Fshi wen kui,chang nai rong bian zhu |
| 210 | @a沈阳@c辽宁教育出版社@d1987 | |
| 215 | @a316@d20cm | |
| 606 | 0 | @a中国@x通史 |
| 690 | @aK201@v3 | |
| 701 | 0 | @a施文魁@Ashi wen kui@4编著 |
| 701 | 0 | @a常乃荣@Achang nai rong@4编著 |
| 801 | 0 | @aCN@bPFT@c20070923 |
| 905 | @a213230@dK201@e117 | |
| 中国革命史教学与自学指导/施文魁,常乃荣编著.-沈阳:辽宁教育出版社,1987 |
| 316;20cm |
| ISBN :1.80 |
| ● |
| 相关链接 |
|
|
|
|
正题名:中国革命史教学与自学指导
索取号:K201/117
 
预约/预借
| 序号 | 登录号 | 条形码 | 馆藏地/架位号 | 状态 | 备注 |
| 1 | 624552 | 206245525 | 第二样本阅览室/ [索取号:K201/117] | 在馆 |